00987nam a22002057a 4500003000400000005001700004008004100021020001500062040001000077100003700087245009700124250001100221260003900232300001100271490003900282505035800321650002900679700003600708700003700744OSt20250226120043.0250226s2004 ag ||||| |||| 00| 0 spa d a9875550191 cbesoc1 aSchnaider, Romina,d1971-eautor10aComunicación :bpara principiantes /cRomina Schnaider, Mariano Zarowsky, Kalil Llamazares a1a ed. aBuenos Aires :bEl Naciente,c2004 a205 p.0 aComunicación : Ciencias Sociales0 aQué es la comunicación -- Comunicación, medios y sociedad -- Estudios de audiencias -- Economía política de la comunicación -- Tecnologías de la comunicación -- El discurso de la información -- La investigación en América Latina -- Sociedad de la información -- Disparen contra la TV -- Epílogo -- Bibliografía recomendada.-  4aComunucaciónxSociedad1 aZarowsky, Marianod1977-eautor1 aLlamazares, Kalil d1971-eautor